Personnel Management : (Record no. 5347)

MARC details
000 -LEADER
fixed length control field 00625cam a2200205ua 4500
008 - FIXED-LENGTH DATA ELEMENTS--GENERAL INFORMATION
fixed length control field 131126n ii |||gr||||Z||||||eng
040 ## - CATALOGING SOURCE
Transcribing agency MAIN
082 ## - DEWEY DECIMAL CLASSIFICATION NUMBER
Classification number 658.3
245 ## - TITLE STATEMENT
Title Personnel Management :
Remainder of title Principles,practices and point of view /
Statement of responsibility, etc. By Walter Dill Scot .
250 ## - EDITION STATEMENT
Edition statement 6th ed.
260 ## - PUBLICATION, DISTRIBUTION, ETC.
Place of publication, distribution, etc. New Delhi:
Name of publisher, distributor, etc. Tata McGraw-Hill Publishing Company LTD,
Date of publication, distribution, etc. 1961.
300 ## - PHYSICAL DESCRIPTION
Extent viii,603p.
700 ## - ADDED ENTRY--PERSONAL NAME
Personal name Scot,Walter Dill,
Relator term
700 ## - ADDED ENTRY--PERSONAL NAME
Personal name Clothier,Robert C.,
Relator term
700 ## - ADDED ENTRY--PERSONAL NAME
Personal name Spriegel,William R.,
Relator term
942 ## - ADDED ENTRY ELEMENTS (KOHA)
Koha item type Books
653 ## - INDEX TERM--UNCONTROLLED
Uncontrolled term General management
653 ## - INDEX TERM--UNCONTROLLED
Uncontrolled term Personnel Management
Holdings
Withdrawn status Lost status Damaged status Not for loan Home library Current library Shelving location Date acquired Total Checkouts Full call number Barcode Date last seen Copy number Price effective from Koha item type
        Naharkatiya College Library Naharkatiya College Library General Stacks 19/09/2020   658.3 | SCO 13361 19/09/2020 1 19/09/2020 Books

Naharkatiya College © 2020. All rights reserved.

Powered By